书目信息 |
| 题名: |
政府信任危机研究
|
|
| 作者: | 尹保红 著 | |
| 分册: | ||
| 出版信息: | 北京 国家行政学院出版社 2014 |
|
| 页数: | 184页 | |
| 开本: | 24cm | |
| 丛书名: | 高校社科研究文库 | |
| 单 册: | ||
| 中图分类: | D630.1 | |
| 科图分类: | ||
| 主题词: | 国家行政机关--guo jia xing zheng ji guan--信用危机--研究--中国 | |
| 电子资源: | ||
| ISBN: | 978-7-5150-1161-5 | |
| 000 | 01187nam 2200277 450 | |
| 001 | 339422 | |
| 005 | 20150608090628.40 | |
| 010 | @a978-7-5150-1161-5@dCNY38.00 | |
| 100 | @a20140530d2014 em y0chiy50 ea | |
| 101 | 0 | @achi |
| 102 | @aCN@b110000 | |
| 105 | @ay a 000yy | |
| 106 | @ar | |
| 200 | 1 | @a政府信任危机研究@Azheng fu xin ren wei ji yan jiu@d= On the government crisis of confidence@f尹保红著@zeng |
| 210 | @a北京@c国家行政学院出版社@d2014 | |
| 215 | @a184页@d24cm | |
| 225 | 2 | @a高校社科研究文库@Agao xiao she ke yan jiu wen ku |
| 320 | @a有书目 (第180-183页) | |
| 330 | @a本书在马克思主义辩证法的指导下, 运用经济学、社会学和政治学等多学科的交叉研究方法, 对政府信任的生成机制、存在形态、变迁机制以及政府信任转变为危机的成因与表征等进行了系统分析, 并实证分析了中国传统政府信任的历史、现状和趋势, 借鉴国外信任危机的应对经验, 为解决政府信任危机问题提供思路。 | |
| 410 | 0 | @12001 @a高校社科研究文库 |
| 510 | 1 | @aOn the government crisis of confidence@zeng |
| 606 | 0 | @a国家行政机关@Aguo jia xing zheng ji guan@x信用危机@x研究@y中国 |
| 690 | @aD630.1@v5 | |
| 701 | 0 | @a尹保红@Ayin bao hong@4著 |
| 801 | 0 | @aCN@b卓展宏图@c20150525 |
| 905 | @dD630.1@e224@f4 | |
| 政府信任危机研究= On the government crisis of confidence/尹保红著.-北京:国家行政学院出版社,2014 |
| 184页;24cm.-(高校社科研究文库) |
| ISBN 978-7-5150-1161-5:CNY38.00 |
| 本书在马克思主义辩证法的指导下, 运用经济学、社会学和政治学等多学科的交叉研究方法, 对政府信任的生成机制、存在形态、变迁机制以及政府信任转变为危机的成因与表征等进行了系统分析, 并实证分析了中国传统政府信任的历史、现状和趋势, 借鉴国外信任危机的应对经验, 为解决政府信任危机问题提供思路。 |
| ● |
| 相关链接 |
|
|
|
|
正题名:政府信任危机研究
索取号:D630.1/224
 
预约/预借
| 序号 | 登录号 | 条形码 | 馆藏地/架位号 | 状态 | 备注 |
| 1 | 858149 | 208581499 | 第一样本阅览室/ [索取号:D630.1/224] | 在馆 | |
| 2 | 858150 | 208581505 | 第一借阅区/ [索取号:D630.1/224] | 在馆 | |
| 3 | 858151 | 208581514 | 第一借阅区/ [索取号:D630.1/224] | 在馆 | |
| 4 | 858152 | 208581523 | 第一借阅区/ [索取号:D630.1/224] | 在馆 |